<?xml version="1.0" encoding="UTF-8"?>
<collection xmlns:xsi="http://www.w3.org/2001/XMLSchema-instance" xsi:schemaLocation="http://www.loc.gov/MARC21/slim http://www.loc.gov/standards/marcxml/schema/MARC21slim.xsd" xmlns="http://www.loc.gov/MARC21/slim">
 <record>
  <leader>00000nam a2200000 a 4500</leader>
  <controlfield tag="001">UP-1686042739785044115</controlfield>
  <controlfield tag="003">Buklod</controlfield>
  <controlfield tag="005">20240601081811.0</controlfield>
  <controlfield tag="006">aa    r     ||1 u </controlfield>
  <controlfield tag="007">ta</controlfield>
  <controlfield tag="008">240601s1994    at    a r bcq 001 0 eng d</controlfield>
  <datafield tag="020" ind1=" " ind2=" ">
   <subfield code="a">1863733116</subfield>
  </datafield>
  <datafield tag="035" ind1=" " ind2=" ">
   <subfield code="a">2549352</subfield>
  </datafield>
  <datafield tag="040" ind1=" " ind2=" ">
   <subfield code="a">DLC</subfield>
   <subfield code="d">DMC</subfield>
   <subfield code="e">rda</subfield>
  </datafield>
  <datafield tag="041" ind1="1" ind2=" ">
   <subfield code="a">eng</subfield>
   <subfield code="h">fre</subfield>
  </datafield>
  <datafield tag="042" ind1=" " ind2=" ">
   <subfield code="a">DMLUC</subfield>
  </datafield>
  <datafield tag="090" ind1=" " ind2=" ">
   <subfield code="a">PN 1993.5 A8</subfield>
   <subfield code="b">C56 1994</subfield>
  </datafield>
  <datafield tag="130" ind1="0" ind2=" ">
   <subfield code="a">Cinéma australien.</subfield>
   <subfield code="l">English</subfield>
  </datafield>
  <datafield tag="245" ind1="1" ind2="0">
   <subfield code="a">Australian cinema</subfield>
   <subfield code="c">edited by Scott Murray.</subfield>
  </datafield>
  <datafield tag="264" ind1=" " ind2="0">
   <subfield code="a">St. Leonards, NSW, Australia</subfield>
   <subfield code="b">Allen &amp; Unwin in association with Australian Film Commission</subfield>
   <subfield code="c">1994</subfield>
  </datafield>
  <datafield tag="300" ind1=" " ind2=" ">
   <subfield code="a">ix, 350 pages</subfield>
   <subfield code="b">illustrations</subfield>
   <subfield code="c">25 cm</subfield>
  </datafield>
  <datafield tag="336" ind1=" " ind2=" ">
   <subfield code="a">text</subfield>
   <subfield code="2">rdacontent</subfield>
  </datafield>
  <datafield tag="337" ind1=" " ind2=" ">
   <subfield code="a">unmediated</subfield>
   <subfield code="2">rdamedia</subfield>
  </datafield>
  <datafield tag="338" ind1=" " ind2=" ">
   <subfield code="a">volume</subfield>
   <subfield code="2">rdacarrier</subfield>
  </datafield>
  <datafield tag="504" ind1=" " ind2=" ">
   <subfield code="a">Filmography: pages 227-316.</subfield>
  </datafield>
  <datafield tag="504" ind1=" " ind2=" ">
   <subfield code="a">Includes bibliographical references (pages 337-338) and index</subfield>
  </datafield>
  <datafield tag="505" ind1="0" ind2=" ">
   <subfield code="a">Contents</subfield>
   <subfield code="t">Australian cinema : 1896 to the renaissance</subfield>
   <subfield code="r">Graham Shirley</subfield>
   <subfield code="t">Formative landscapes</subfield>
   <subfield code="r">Ross Gibson</subfield>
   <subfield code="t">A cultural revolution</subfield>
   <subfield code="r">Phillip Adams</subfield>
   <subfield code="t">Asutralian cinema in the 1970s and 1980s</subfield>
   <subfield code="t">Australian directors overseas 1970-1992</subfield>
   <subfield code="r">Scott Murray</subfield>
   <subfield code="t">The documentary</subfield>
   <subfield code="r">Megan McMurchy</subfield>
   <subfield code="t">The short film</subfield>
   <subfield code="r">Adrian Martin</subfield>
   <subfield code="t">Asutralia and the Australians</subfield>
   <subfield code="r">Debi Enker</subfield>
   <subfield code="t">Filmography : one hundred and fifty Australian films</subfield>
   <subfield code="r">Scott Murray, Raffaele Caputo and Claudine Thauridnet</subfield>
   <subfield code="t">Dictionary of directors</subfield>
   <subfield code="r">Scott Murray and Raffaele Caputo</subfield>
  </datafield>
  <datafield tag="591" ind1=" " ind2=" ">
   <subfield code="a">CMC-2873 donted by Dr. Victor Valbuena</subfield>
  </datafield>
  <datafield tag="650" ind1=" " ind2="0">
   <subfield code="a">Motion pictures</subfield>
   <subfield code="z">Australia</subfield>
   <subfield code="x">Catalogs.</subfield>
  </datafield>
  <datafield tag="650" ind1=" " ind2="0">
   <subfield code="a">Motion pictures</subfield>
   <subfield code="z">Australia</subfield>
   <subfield code="x">History.</subfield>
  </datafield>
  <datafield tag="700" ind1="1" ind2=" ">
   <subfield code="a">Murray, Scott</subfield>
   <subfield code="d">1951-</subfield>
   <subfield code="e">editor.</subfield>
  </datafield>
  <datafield tag="905" ind1=" " ind2=" ">
   <subfield code="a">FO</subfield>
  </datafield>
  <datafield tag="852" ind1="0" ind2=" ">
   <subfield code="a">UPD</subfield>
   <subfield code="b">DMC</subfield>
   <subfield code="h">PN 1993.5 A8</subfield>
   <subfield code="i">C56 1994</subfield>
  </datafield>
  <datafield tag="942" ind1=" " ind2=" ">
   <subfield code="a">Book</subfield>
  </datafield>
 </record>
</collection>
